Psychologické dopady a vliv etnicity pachatele v procesu rekognice
Rekognícia je bežnou kriminalistickou metódou používanou v trestnom poriadku, ktorej subjektom t.j. rozpoznávajúcou osobou je spravidla poškodená osoba, či iný svedok. Narastajúci výskyt kriminálneho vyšetrovania pri podávaní svedectva a spôsoby prezentovania objektov rekognície. Miera a vzťah chybn...
Salvato in:
| Autore principale: | |
|---|---|
| Natura: | Capitolo di libro |
| Lingua: | ceco |
| Soggetti: | |
| Tags: |
Nessun Tag, puoi essere il primo ad aggiungerne!!
|
MARC
| LEADER | 00000naa a2200000 4500 | ||
|---|---|---|---|
| 001 | 0205832 | ||
| 005 | 20231211074549.3 | ||
| 041 | 0 | |a cze | |
| 044 | |a CZ | ||
| 245 | 1 | 0 | |a Psychologické dopady a vliv etnicity pachatele v procesu rekognice |c Hana Trojanová |
| 520 | |a Rekognícia je bežnou kriminalistickou metódou používanou v trestnom poriadku, ktorej subjektom t.j. rozpoznávajúcou osobou je spravidla poškodená osoba, či iný svedok. Narastajúci výskyt kriminálneho vyšetrovania pri podávaní svedectva a spôsoby prezentovania objektov rekognície. Miera a vzťah chybných identifikácii pri páchateľoch cudzej národnosti s osobami našej a cudzej etnicity. | ||
| 610 | 2 | 0 | |a právo trestné |
| 610 | 2 | 0 | |a činy trestné |
| 610 | 2 | 0 | |a kriminalita |
| 610 | 2 | 0 | |a etnikum |
| 610 | 2 | 0 | |a identita |
| 610 | 2 | 0 | |a zodpovednosť trestná |
| 610 | 2 | 0 | |a psychológia aplikovaná |
| 100 | 1 | |a Trojanová, Hana | |